| 000 | 00591nam a2200193 4500 | ||
|---|---|---|---|
| 001 | 108604 | ||
| 003 | ES-MaACL | ||
| 005 | 20230906184654.0 | ||
| 007 | t| | ||
| 008 | 061121s1926 fr r ||||1| fre d | ||
| 100 | 1 |
_aMontet, Edouard. _982614 |
|
| 245 | 1 | 0 |
_aHistorie du peuple d'Israel d'prés les origines jusqu'a l'an 70 apres J.C. / _cVicomte Edouard de Montet. |
| 260 |
_aParís : _bPayot, _c1926. |
||
| 300 |
_a196 p. : _b25 il. ; _c23 cm. |
||
| 490 | 1 | _aBibliothèque historique | |
| 830 | 0 |
_aBibliothèque historique _9180899 |
|
| 852 |
_aES-MaACL _jF-72 |
||
| 999 |
_c108604 _d108604 |
||